000 00784nam a2200205Ii 4500
003 JO-AjNU
008 230605s9999||||xx |||||||||||||| ||und||
040 _aJO-AjNU
_bara
_erda
_cJO-AjNU
041 _aara
050 1 4 _aPR6073.I44.J4612 1995
100 3 _aويلسون، كولن ؛ ترجمة غسان رملاوي,
_eauthor
_948596
245 0 0 _aالإستحواذ: رواية
250 _aط1
264 3 1 _aبيروت: دار الحرف العربي للطباعة والنشر والتوزيع، 1995 ؛ بيروت: دار المناهل للطباعة والنشر والتوزيع ،1995
300 _a239ص
336 _atext
_btxt
_2rdacontent
337 _aunmediated
_bn
_2rdamedia
338 _avolume
_bnc
_2rdacarrier
650 4 _aروايات مترجمة
_948597
999 _aA21293
_c24861
_d24861